Every Song by OK Go - Statistics

General Stats
  • This quiz has been taken 9 times
  • The average score is 33 of 62
Answer Stats
Album Song % Correct
Oh No(2005) Here It Goes Again
100%
OK Go(2002) C-C-C-Cinnamon Lips
83%
Of the Blue Colour of the Sky(2010) Last Leaf
83%
Of the Blue Colour of the Sky(2010) Needing/Getting
83%
Hungry Ghosts(2014) Obsession
83%
Of the Blue Colour of the Sky(2010) Skyscrapers
83%
Oh No(2005) Television, Television
83%
Hungry Ghosts(2014) The One Moment
83%
Hungry Ghosts(2014) The Writing's on the Wall
83%
Hungry Ghosts(2014) Upside Down & Inside Out
83%
OK Go(2002) What to Do
83%
Of the Blue Colour of the Sky(2010) White Knuckles
83%
Of the Blue Colour of the Sky(2010) WTF?
83%
OK Go(2002) You're So Damn Hot
83%
OK Go(2002) 1000 Miles per Hour
67%
Oh No(2005) A Good Idea at the Time
67%
Hungry Ghosts(2014) Another Set of Issues
67%
Hungry Ghosts(2014) Bright as Your Eyes
67%
OK Go(2002) Bye Bye Baby
67%
OK Go(2002) Don't Ask Me
67%
Of the Blue Colour of the Sky(2010) End Love
67%
OK Go(2002) Get Over It
67%
Hungry Ghosts(2014) If I Had a Mountain
67%
Hungry Ghosts(2014) I'm Not Through
67%
Of the Blue Colour of the Sky(2010) In the Glass
67%
Oh No(2005) Invincible
67%
Oh No(2005) Oh Lately It's So Quiet
67%
Of the Blue Colour of the Sky(Bonus)(2010) Shooting the Moon
67%
OK Go(2002) The Fix Is In
67%
Hungry Ghosts(2014) The Great Fire
67%
Oh No(2005) The House Wins
67%
OK Go(2002) There's a Fire
67%
Non-Album(2023) This
67%
Of the Blue Colour of the Sky(2010) This Too Shall Pass
67%
Hungry Ghosts(2014) Turn Up the Radio
67%
Of the Blue Colour of the Sky(2010) All Is Not Lost
50%
Oh No(2005) A Million Ways
50%
Oh No(2005) Crash the Party
50%
Oh No(2005) Do What You Want
50%
OK Go(2002) Hello, My Treacherous Friends
50%
Hungry Ghosts(2014) I Won't Let You Down
50%
Oh No(2005) No Sign of Life
50%
OK Go(2002) Shortly Before the End
50%
Of the Blue Colour of the Sky(2010) While You Were Asleep
50%
Of the Blue Colour of the Sky(2010) I Want You So Bad I Can't Breathe
33%
Oh No(2005) Let It Rain
33%
Hungry Ghosts(2014) Lullaby
33%
Non-Album(2015) You're a Fucking Nerd and No One Likes You
33%
Non-Album(2020) All Together Now
17%
Of the Blue Colour of the Sky(2010) Back from Kathmandu
17%
Of the Blue Colour of the Sky(2010) Before the Earth Was Round
17%
Non-Album(2016) I Don't Understand You
17%
Oh No(2005) It's a Disaster
17%
Of the Blue Colour of the Sky(Bonus)(2010) Louisiana Land
17%
Oh No(2005) Maybe, This Time
17%
OK Go(2002) Return
17%
Non-Album(2011) The Greatest Song I Ever Heard
17%
Twelve Days of OK Go(2012) Dynamite
0%
Twelve Days of OK Go(2012) Down for the Count
0%
Hungry Ghosts(Bonus)(2014) Fight Song
0%
Brown EP(2000) It's Tough to Have a Crush When the Boy Doesn't Feel the Same Way You Do
0%
Brown EP(2000) We Dug a Hole
0%
No matching quizzes found
Score Distribution
Percent of People with Each Score
Percentile by Number Answered
Your Score History
You have not taken this quiz